000 00425nam a2200145 4500
001 112884
003 ES-MaACL
007 t|
008 061121m19111917sp r ||||1| spa d
245 0 0 _aNueva Geografía Universal
_b: los países y las razas.
250 _aEd. ilustrada.
260 _aBarcelona :
_bMontaner y Simón,
_c1911-17.
300 _a10 v., 524 lám. :
_bil. ;
_c30 cm +
_e4 map.
852 _aES-MaACL
_jB-414-23
999 _c112884
_d112884